|
|
|
|
| LEADER |
01731nam a2200277 a 4500 |
| 001 |
15426489 |
| 008 |
090908s2008 enk b 001 0 eng d |
| 010 |
|
|
|a 2008036800
|
| 020 |
|
|
|a 9780230574083(hbk)
|
| 020 |
|
|
|a 0230574084(hbk)
|
| 020 |
|
|
|a 9780230574090 (pbk.)
|
| 020 |
|
|
|a 0230574092 (pbk.)
|
| 040 |
|
|
|a DLC
|c DLC
|d C#P
|d BWK
|d YDXCP
|d CDX
|d IAY
|d DLC
|
| 082 |
0 |
0 |
|a 401/.41
|2 22
|
| 100 |
1 |
|
|a Dijk, Teun Adrianus van,
|d 1943-
|
| 245 |
1 |
0 |
|a Discourse and power /
|c Teun A. van Dijk.
|
| 260 |
|
|
|a Houndmills, Basingstoke, Hampshire ;
|a New York :
|b Palgrave Macmillan,
|c 2008.
|
| 300 |
|
|
|a xi, 308 p. ;
|c 23 cm.
|
| 504 |
|
|
|a Includes bibliographical references (p. 262-295) and indexes.
|
| 505 |
0 |
|
|a Discourse and domination -- Structures of discourse and structures of power -- Discourse, power and access -- Critical discourse analysis -- Discourse and racism -- Discourse and the denial of racism -- Political discourse and political cognition -- War rhetoric of a little ally : political implicatures and Aznar's legitimization of the war in Iraq -- Discourse and manipulation -- Contextualization in parliamentary discourse : Aznar, Iraq and the pragmatics of lying.
|
| 541 |
1 |
|
|e 00019241
|
| 650 |
|
0 |
|a Discourse analysis
|x Political aspects.
|
| 852 |
4 |
|
|a Ayesha Abed Library
|j General shelf
|
| 999 |
|
|
|c 3985
|d 3985
|
| 952 |
|
|
|0 0
|1 0
|2 ddc
|4 0
|6 401_410000000000000_DIJ_2008
|7 0
|9 3673
|a BRACUL
|b BRACUL
|c GEN
|d 2009-09-07
|e Trust Line International
|g 2088.00
|l 9
|m 29
|o 401.41 DIJ
|p 3010019241
|r 2016-08-11
|s 2016-05-11
|t 1
|w 2009-09-17
|y BK
|
| 952 |
|
|
|0 0
|1 0
|2 ddc
|4 0
|6 401_410000000000000_DIJ_2008
|7 0
|9 3676
|a BRACUL
|b BRACUL
|c GEN
|d 2009-09-07
|e Trust Line International
|g 2088.00
|l 6
|m 8
|o 401.41 DIJ
|p 3010019242
|r 2025-12-18
|s 2025-11-08
|t 2
|w 2009-09-17
|y BK
|